Carregant...
Loka matha vijnana kosa nighandu/
| Autor principal: | |
|---|---|
| Altres autors: | |
| Format: | Printed Book |
| Idioma: | English |
| Publicat: |
Kottayam:
National Book Stall,
c1996.
|
| Matèries: |
| LEADER | 00558 a2200169 4500 | ||
|---|---|---|---|
| 008 | 150103s9999 000 0 eng | ||
| 082 | |a 291 | ||
| 100 | |a Balakrishnan, V. | ||
| 245 | |a Loka matha vijnana kosa nighandu/ | ||
| 260 | |a Kottayam: |b National Book Stall, |c c1996. | ||
| 300 | |a 363 p. | ||
| 650 | |a Religious | ||
| 653 | |a Dictionaries | ||
| 700 | |a Leeladevi, R. | ||
| 942 | |c BK | ||
| 999 | |c 306997 |d 306997 | ||
| 952 | |0 0 |1 0 |2 ddc |4 0 |6 291_000000000000000_BAL_LO |7 0 |9 352200 |a DRA |b DRA |c REF |d 2013-06-07 |i 6275 |l 0 |o 291 BAL/LO |p DRA6275 |r 2019-01-03 |v 110.00 |w 2019-01-03 |y REF | ||